Biochemistry of natural rubber, a vital raw material, emphasizing biosynthetic rate, molecular weight and compartmentalization, in evolutionary divergent plant species (Record no. 54748)

MARC details
000 -LEADER
fixed length control field 00641nam a2200193Ia 4500
100 ## - MAIN ENTRY--AUTHOR NAME
Personal name Cornish Katrina
245 #0 - TITLE STATEMENT
Title Biochemistry of natural rubber, a vital raw material, emphasizing biosynthetic rate, molecular weight and compartmentalization, in evolutionary divergent plant species
260 ## - PUBLICATION, DISTRIBUTION, ETC. (IMPRINT)
Name of publisher NPR Natural Product Reports
Year of publication 2001
300 ## - PHYSICAL DESCRIPTION
Number of Pages 182-189
650 ## - SUBJECT ADDED ENTRY--TOPICAL TERM
Topical Term Biochemistry
650 ## - SUBJECT ADDED ENTRY--TOPICAL TERM
Topical Term Biosynthetic rate
650 ## - SUBJECT ADDED ENTRY--TOPICAL TERM
Topical Term Compartmentalization
650 ## - SUBJECT ADDED ENTRY--TOPICAL TERM
Topical Term Hevea brasiliensis
650 ## - SUBJECT ADDED ENTRY--TOPICAL TERM
Topical Term Molecular weight
650 ## - SUBJECT ADDED ENTRY--TOPICAL TERM
Topical Term Natural rubber
856 ## - ELECTRONIC LOCATION AND ACCESS
Uniform Resource Identifier Reprint)
942 ## - ADDED ENTRY ELEMENTS (KOHA)
Koha item type Journals
Holdings
Withdrawn status Lost status Damaged status Not for loan Home library Current library Shelving location Date acquired Serial Enumeration / chronology Koha item type
      Journals RRII Library RRII Library Physiology 27/11/2001 Volume 18, Issue Journals